000 00797nam a22002777i 4500
999 _c23528
_d23528
003 AR-CdUCM
008 260226b20222022 pe||||| |||| 00| 0 spa d
020 _a978-84-47222-31-4
040 _aMUNICIPALIDAD PROVINCIAL DEL CUSCO
_cBIBLIOTECA MUNICIPAL DEL CUSCO
041 _hspa
082 _24°edición
_aEP / 575.8
_bD228
100 _aDarwin, Charles
_952335
245 _aEl origen de las especies /
260 _aMadrid :
_bHapper Collins Iberica SA.
_c2022
300 _a62 páginas. :
_c28x22 cm.
650 _aJirafa
_952336
650 _aTigres
_952337
650 _aGato
_921612
650 _aAves
_92630
650 _aRoedores
_952338
650 _aPescado
_932906
650 _aCaballo
_952339
650 _aCebra
_952340
942 _2ddc
_cLIBROS
945 _apbjr
_d26-02-2026